Central Library OPAC University of Rajshahi

আল্লাহ বলেন = Creator Allah Speaks / (Record no. 40344)

MARC details
000 -LEADER
fixed length control field 00882nam a2200241 a 4500
001 - CONTROL NUMBER
control field 40344
003 - CONTROL NUMBER IDENTIFIER
rucl marc code BD-RjUL
005 - DATE AND TIME OF LATEST TRANSACTION
control field 20211209053209.0
008 - FIXED-LENGTH DATA ELEMENTS--GENERAL INFORMATION
fixed length control field 160428s2014 bg ||||| |||| 00| 0 ben d
020 ## - INTERNATIONAL STANDARD BOOK NUMBER
Terms of availability Tk. 550.00
035 ## - SYSTEM CONTROL NUMBER
System control number (BD-RjUL)40459
040 ## - CATALOGING SOURCE
Original cataloging agency BD-RjUL
Language of cataloging ben
Transcribing agency BD-RjUL
041 ## - LANGUAGE CODE
Language code of text/sound track or separate title ben
082 ## - DEWEY DECIMAL CLASSIFICATION NUMBER
Edition number 23
Classification number 297.122
Author mark and year AHA 2014
100 ## - MAIN ENTRY--PERSONAL NAME
Personal name আহমাদ, চৌধুরী আফতাবউদ্দীন
9 (RLIN) 124290
245 10 - TITLE STATEMENT
Title আল্লাহ বলেন = Creator Allah Speaks /
Statement of responsibility, etc. চৌধুরী আফতাবউদ্দীন আহমাদ
250 ## - EDITION STATEMENT
Edition statement ১ম সং.
260 ## - PUBLICATION, DISTRIBUTION, ETC. (IMPRINT)
Place of publication, distribution, etc. ঢাকা :
Name of publisher, distributor, etc. মাদ্রাসা প্রেস,
Date of publication, distribution, etc. ২০১৪
300 ## - PHYSICAL DESCRIPTION
Pagination ১৫০০ পৃ. ;
Size ২০ সেমি.
650 ## - SUBJECT ADDED ENTRY--TOPICAL TERM
Topical term or geographic name as entry element ইসলাম
General subdivision পবিত্র বই
9 (RLIN) 122595
Topical term or geographic name as entry element Islam
General subdivision Sacred books
9 (RLIN) 122596
942 ## - ADDED ENTRY ELEMENTS (KOHA)
Source of classification or shelving scheme Dewey Decimal Classification
Koha item type Books
Holdings
Lost status Source of classification or shelving scheme Damaged status Not for loan Collection code Permanent Location Current Location Shelving location Date acquired Source of acquisition Cost, normal purchase price Total Checkouts Full call number Date last seen Copy number Koha item type
  Dewey Decimal Classification   Not For Loan Non-fiction Central Library, University of Rajshahi Central Library, University of Rajshahi Reading Room 03/02/2015 Library, RU 550.00   B 297.122 AHA 2014 28/04/2016 C-1 Books